000 01090nam a2200301 a 4500
003 BLK
005 20250328125542.0
008 210514b bu |||||r|||| 00| | bu d
020 _a9786199115091
040 _aBLK
041 _aBUL
_cBUL
080 _aБългарска литература
_b821.163.2
_x-312
_z821.163.2-312
100 _aЛуи
_9480562
_d1977-
_qПавлов, Богдан Николаев
139 _aЛуи
245 _aКуцулан III
_bИндипасха
_cЛуи ; ил. Ваня Колева
260 _9453461
_aБургас
_bЛуи
_c2021
300 _a168 с.
_bс ил.
_c22 см
380 _aX
500 _aЗагл. в изд. каре: Куцулан III Индипасха. - Луи - псевд. на авт. Богдан Николаев Павлов
700 _9599
_aКолева, Ваня Николаева
_eил.
852 _aЦб 312274
_bЦб
856 _i0.00
_ldisable
942 _cKNG
_n0
_s1
_015
944 _aCR
_k30575
_lМартин Енчев
999 _c454843
_d454843
999 _d454843
999 _d454843
999 _d454843